Doenças cardiovasculares (Registo nº 11513)

Detalhes MARC
000 -Etiqueta do registo
Valores 00658nam a22002171i 4500
090 ## -
-- 11513
010 ## - Número ISBN
ISBN 9789895542512
100 ## - Dados gerais de processamento
Dados gerais 20170304u u u0frey50 ba
101 0# - Língua de publicação
-- por
200 1# - Titulo e menção de responsabilidade
Primeira menção de responsabilidade Robert Berkow
Título próprio Doenças cardiovasculares
215 ## - Descrição física 
Paginação / Volumes 127, [3] p.
Outras indicações físicas il.
Dimensões 25 cm
210 ## - Publicação
Nome do editor QuidNovi
Local de publicação Matosinhos
Data de publicação D. L. 2006
225 2# - Colecção 
Título próprio da colecção Enciclopédia médica
Indicação de volume 1
410 #0 -
-- Enciclopédia médica
702 #1 - Autor secundário (pessoa individual)
Apelido Marques
Nome Francisco
-- 730
702 #1 - Autor secundário (pessoa individual)
Apelido Serras
Nome Ana
-- 730
702 #1 - Autor secundário (pessoa individual)
Apelido Nunes
Nome Ana
-- 730
700 #1 - Autor principal (pessoa individual)
Apelido Berkow
Nome Robert
-- 300
996 ## - ISO2709
-- 0012789
-- SHA
-- 00000000
-- 00000000
-- BMVAAL
-- 3
-- Alcáçovas
-- Medicina
-- 29
-- Livro
-- 0
-- 1
990 ## - Elementos KOHA
Tipo de documento Livro
Exemplares
Situação do levantamento Estado Biblioteca de origem Biblioteca de empréstimo Localização na Estante Código de barras Cota Permissão de empréstimo Tipo de documento Nota relativa ao exemplar
  Completo Biblioteca Municipal de Viana Do Alentejo Pólo Alcáçovas Biblioteca Municipal de Viana Do Alentejo Pólo Alcáçovas Depósito 0016419 SHA Disponível Livro Cx.139 vnt




Powered by Koha